000 00258nam a2200109Ia 4500
008 220204s9999 xx 000 0 und d
082 _a82-3
_bHAR
100 _aHarrington, R E
245 4 _athe Seven of swords
260 _aLondon
_bSphere
_c1978
942 _cBK
999 _c28516
_d28516